| 000 | 00648nam a2200253Ia 4500 | ||
|---|---|---|---|
| 003 | OSt | ||
| 005 | 20221006143755.0 | ||
| 006 | a|||||r|||| 00| 0 | ||
| 007 | ta | ||
| 008 | 221006b |||||||| |||| 00| 0 chi d | ||
| 020 | _c2.00 | ||
| 024 | _a9,929 | ||
| 037 | _cTextual | ||
| 040 |
_aEASL _cEASL _bchi |
||
| 041 |
_2chi _achi |
||
| 082 | _aX65.410r1.N4, J4 | ||
| 100 |
_aKUEI Tse-Chu _9650360 |
||
| 245 | 0 | _aTi-kuo Chu-yi Tsai Hua Tou Tzu | |
| 260 |
_aPeking _bHsin Hua Shu Tien _c1954 |
||
| 300 |
_a30p. _ccm. |
||
| 490 | _v CL | ||
| 942 |
_hX65.410r1.N4, J4 _cTEXL _2CC |
||
| 999 |
_c1078015 _d1078015 |
||